Conciencia social y medio ambiente

Gorde:
Xehetasun bibliografikoak
Egile nagusia: Darling, Frank Fraser (Egilea)
Formatua: Liburua
Hizkuntza:gaztelania
Argitaratua: Ciudad de México Pax 1972
Gaiak:
Etiketak: Etiketa erantsi
Etiketarik gabe, Izan zaitez lehena erregistro honi etiketa jartzen!

MARC

LEADER 00000nam a2200000 a 4500
001 UCZ2321
003 CL-VaPUC
008 950928e19720000MX |||||||||||||||||spa|d
082 0 4 |a 577  |b DAR  |2 21 
100 0 |a Darling, Frank Fraser  |e author  |9 346077 
245 1 0 |a Conciencia social y medio ambiente 
246 1 0 |a Conferencias Reith de 1969 en Londres 
300 |a 106 p 
942 |c BK 
945 |d 19950928 00:00:00  |a awong 
260 |a Ciudad de México  |b Pax  |c 1972 
650 0 |a Ecología   |9 258124 
650 0 |a Medio ambiente  |9 257625 
650 7 |a EFECTO DE LAS ACTIVIDADES HUMANAS  |2 CL-VaPUC  |9 346078 
583 |a last modification  |c 19950928 00:00:00  |k Rodrigo Vera 
999 |c 238947  |d 238945 
952 |0 0  |1 0  |4 0  |6 577_000000000000000_DAR_1972  |7 0  |8 A  |9 249592  |a BIBCUR  |b BIBCUR  |d 2019-11-18  |i 3137384  |o 577 DAR 1972  |p 3137384  |r 2025-04-22  |w 2019-11-18  |y BK  |k BCB 
952 |0 0  |1 0  |4 0  |6 577_000000000000000_DAR_1972  |7 0  |8 A  |9 249593  |a BIBING  |b BIBING  |d 2019-11-18  |i 1647768  |o 577 DAR 1972  |p 1647768  |r 2025-01-20  |w 2019-11-18  |y BK  |k GEO 
952 |0 0  |1 0  |4 0  |6 577_000000000000000_DAR_1972  |7 0  |8 A  |9 249594  |a BIBHIS  |b BIBHIS  |d 2019-11-18  |i 136118K  |l 5  |o 577 DAR 1972  |p 136118K  |r 2025-01-20  |s 2024-03-18  |w 2019-11-18  |y BK  |k HIS